| 000 | 00486nam a22001577a 4500 | ||
|---|---|---|---|
| 005 | 20160926124741.0 | ||
| 008 | 160926b xxu||||| |||| 00| 0 eng d | ||
| 050 | _aBV3625.R532C641 | ||
| 100 |
_aClinton, Iris _913143 |
||
| 245 |
_a"These vessels..." _cby Clinton, Iris |
||
| 260 |
_aBulawayo _bStuart Manning _c1959 |
||
| 300 |
_axi, 96p.; _c19cm. |
||
| 610 |
_aChurch of England _xMissions _99191 |
||
| 650 |
_aMissions _zInyati, Southern Rhodesia _926160 |
||
| 942 |
_2lcc _cMONOGRAPH |
||
| 999 |
_c125338 _d125338 |
||